Statistics for Countries that borders with the Arctic Ocean

Click here to take the quiz!

General Stats

  • This quiz has been taken 157 times
  • The average score is 6 of 6

Answer Stats

Answer% Correct
Norway
100%
Russia
99%
Canada
98%
United States
96%
Greenland (Denmark)
92%
Iceland
92%

Score Distribution

Percentile by Number Answered

Percent of People with Each Score

Your Score History

You have not taken this quiz